Hauptstädte und größte Städte (Schleswig-Holstein) - Statistiken

Allgemein
  • Dieses Quiz wurde 31 mal gespielt
  • Das Durchschnittsergebnis liegt bei 14 aus 25
Antwortstatistiken
Antwort % Korrekt
Kiel
100%
Kiel
100%
Pinneberg
92%
Plön
81%
Rendsburg
73%
Bad Segeberg
65%
Heide
65%
Heide
65%
Rendsburg
65%
Schleswig
65%
Ratzeburg
62%
Schleswig
58%
Elmshorn
54%
Husum
54%
Husum
54%
Elmshorn
50%
Itzehoe
42%
Itzehoe
42%
Preetz
42%
Bad Oldesloe
38%
Norderstedt
38%
Ahrensburg
31%
Eutin
31%
Geesthacht
27%
Bad Schwartau
19%
Keine übereinstimmenden Quizze gefunden
Verteilung der Resultate
Anzahl Personen mit jedem Resultat
Perzentil nach korrekt beantworteten Fragen
Ihre Resultats-Entwicklung
Sie haben dieses Quiz noch nicht gespielt